Formule 1 - Signes astrologiques des pilotes de 2022 - Statistiques

Statistiques générales
  • Ce quiz a été pris 120 fois
    118 depuis la dernière actualisation
  • Le résultat moyen est 7 sur 20
Statistiques - réponses
Hint Réponse % Correct
Lando Norris Scorpion
64%
Charles Leclerc Balance
62%
Lewis Hamilton Capricorne
53%
Fernando Alonso Lion
53%
Pierre Gasly Verseau
48%
Alexander Albon Bélier
47%
Daniel Ricciardo Cancer
39%
Valterri Bottas Vierge
38%
Carlos Sainz Jr. Vierge
36%
Max Verstappen Balance
35%
Esteban Ocon Vierge
33%
George Russel Verseau
29%
Nicholas Lafiti Cancer
27%
Sebastien Vettel Cancer
27%
Lance Stroll Scorpion
23%
Sergio Pérez Verseau
23%
Kevin Magnussen Balance
21%
Yuki Tsunoda Taureau
17%
Guanyu Zhou Gémeaux
11%
Mick Schumacher Taureau
9%
Aucun quiz correspondant
Distribution des résultats
% des personnes avec chaque résultat
Percentile par nombre de réponses
Votre historique - résultats
Vous n’avez pas pris ce quiz depuis la dernière actualisation